000 00900nam a22001817a 4500
003 OSt
005 20260416053733.0
008 260416b |||||||| |||| 00| 0 eng d
040 _aDWCL GS lib
_cOC
082 _aFic. N515w 2003
100 _aNicholson, William
245 _athe wind singer:
_bbook one in the wind on fire trilogy
_cWilliam Nicholson
300 _a358
_c23cm
520 _aThe Wind Singer (2000) by William Nicholson is a YA fantasy novel set in the strictly meritocratic city of Aramanth, where citizens are color-coded by performance. Kestrel Hath, defying this oppressive system, sets out with her twin, Bowman, and classmate, Mumpo, to find the voice of the ancient "Wind Singer" statue to save their city from the evil, mind-controlling
546 _aEnglish
700 _aWilliam Nicholson
942 _2ddc
_cFIC.
_hFic. N515w 2003
_n0
999 _c9499
_d9499